|
|
|
|
| LEADER |
00000nam0a2200000 4500 |
| 001 |
311187 |
| 005 |
20231102002348.0 |
| 010 |
|
|
|a 9785392193325
|
| 035 |
|
|
|a (RuTPU)RU\TPU\book\336542
|
| 090 |
|
|
|a 311187
|
| 100 |
|
|
|a 20151203d2016 k y0rusy50 ca
|
| 101 |
0 |
|
|a rus
|
| 102 |
|
|
|a RU
|
| 105 |
|
|
|a y z 001zy
|
| 200 |
1 |
|
|a Авторские права на служебное произведение
|e монография
|f Л. А. Соломоненко
|
| 210 |
|
|
|a Москва
|c Проспект
|d 2016
|
| 215 |
|
|
|a 93 с.
|
| 320 |
|
|
|a Библиогр.: с. 81-92.
|
| 330 |
|
|
|a Основной задачей работы является системное исследование проблем, связанных с особенностями правовой охраны произведений, созданных в процессе выполнения трудовых обязанностей в высшем образовательном учреждении, обоснование теоретической позиции о необходимости совершенствования гражданского законодательства в указанной сфере и практических предложений по внесению изменений в действующие нормативные правовые акты.Законодательство приведено по состоянию на август 2015 г.
|
| 606 |
1 |
|
|a Авторское право
|2 stltpush
|3 (RuTPU)RU\TPU\subj\1355
|9 30139
|
| 610 |
1 |
|
|a произведения
|
| 610 |
1 |
|
|a служебные произведения
|
| 610 |
1 |
|
|a создание
|
| 610 |
1 |
|
|a правовое регулирование
|
| 610 |
1 |
|
|a права
|
| 610 |
1 |
|
|a личные права
|
| 610 |
1 |
|
|a имущественные права
|
| 610 |
1 |
|
|a вознаграждение
|
| 610 |
1 |
|
|a трудовые обязанности
|
| 610 |
1 |
|
|a монографии
|
| 686 |
|
|
|a Х623.3
|2 rubbk
|
| 700 |
|
1 |
|a Соломоненко
|b Л. А.
|g Лилия Александровна
|
| 801 |
|
1 |
|a RU
|b 63413507
|c 20151203
|
| 801 |
|
2 |
|a RU
|b 63413507
|c 20160226
|g RCR
|
| 900 |
|
|
|a Интеллектуальная собственность
|
| 942 |
|
|
|c BK
|
| 959 |
|
|
|a 152/20151203
|d 1
|e 250,00
|f ЧЗГЛ:1
|